Sobre la identidad del derecho público
Պահպանված է:
| Հիմնական հեղինակ: | |
|---|---|
| Ձևաչափ: | Գիրք |
| Լեզու: | իսպաներեն |
| Հրապարակվել է: |
Madrid
Fundación Coloquio Jurídico Europeo
2015
Madrid Centro de Estudios Políticos y Constitucionales 2015 |
| Հրատարակություն: | 1a. ed |
| Շարք: | Colección Democracia y Derecho
|
| Խորագրեր: | |
| Ցուցիչներ: |
Ավելացրեք ցուցիչ
Չկան պիտակներ, Եղեք առաջինը, ով նշում է այս գրառումը!
|
MARC
| LEADER | 00000cam a2200000 a 4500 | ||
|---|---|---|---|
| 001 | UCC0716 | ||
| 003 | CL-VaPUC | ||
| 008 | 170825e20150000sp |||||||||||||||||spa|d | ||
| 020 | |a 9788460693352 | ||
| 020 | |a 9788425916618 | ||
| 082 | 0 | 4 | |a 342.06 |b GRI |2 21 |
| 100 | |a Grimm, Dieter |9 605020 | ||
| 245 | 1 | 0 | |a Sobre la identidad del derecho público |
| 250 | |a 1a. ed | ||
| 300 | |a 79 p | ||
| 942 | |c BK | ||
| 945 | |d 20170825 13:52:00 |a arojas | ||
| 260 | |a Madrid |b Fundación Coloquio Jurídico Europeo |c 2015 | ||
| 260 | |a Madrid |b Centro de Estudios Políticos y Constitucionales |c 2015 | ||
| 650 | 7 | |a DERECHO PUBLICO ESPAÑOL |2 CL-VaPUC |9 530543 | |
| 650 | 0 | |a Administración pública |9 255343 | |
| 650 | 0 | |a Derecho administrativo |9 254851 | |
| 583 | |a last modification |c 20170825 13:52:00 |k Rodrigo Vera | ||
| 490 | 0 | |a Colección Democracia y Derecho | |
| 999 | |c 369468 |d 369466 | ||
| 952 | |0 0 |1 0 |3 erb |4 0 |6 342_060000000000000_GRI_2015_2015 |7 0 |8 A |9 485281 |a BIBDER |b BIBDER |i 5418747 |l 1 |o 342.06 GRI 2015 2015 |p 5418747 |q 2025-05-12 |r 2025-04-11 |s 2025-04-11 |w 2019-11-24 |y BK |z Catalogado en:20170825 |k DER | ||